[Event "Grand Swiss "]
[Date "2025.09.08"]
[White "Puranik, Abhimanyu"]
[Black "Fedoseev, Vladimir"]
[WhiteElo "2640"]
[BlackElo "2731"]
[Round "5.5.22"]
[Result "1-0"]

1. e4 {[%clk 01:40:45] [%emt 00:00:14]} c5 {[%clk 01:40:52] [%emt 00:00:09]} 2.
Nf3 {[%clk 01:40:55] [%emt 00:00:19]} d6 {[%clk 01:41:17] [%emt 00:00:05]} 3. d4
{[%clk 01:41:07] [%emt 00:00:18]} cxd4 {[%clk 01:41:41] [%emt 00:00:06]} 4. Nxd4
{[%clk 01:41:34] [%emt 00:00:03]} Nf6 {[%clk 01:42:02] [%emt 00:00:09]} 5. Nc3
{[%clk 01:42:00] [%emt 00:00:04]} a6 {[%clk 01:42:26] [%emt 00:00:06]} 6. h3
{[%clk 01:41:50] [%emt 00:00:41]} e5 {[%clk 01:40:29] [%emt 00:02:27]} 7. Nde2
{[%clk 01:40:18] [%emt 00:02:02]} h5 {[%clk 01:39:56] [%emt 00:01:02]} 8. g3
{[%clk 01:39:40] [%emt 00:01:08]} Be7 {[%clk 01:36:59] [%emt 00:03:27]} 9. Bg2
{[%clk 01:36:49] [%emt 00:03:22]} b5 {[%clk 01:33:30] [%emt 00:03:59]} 10. Nd5
{[%clk 01:36:26] [%emt 00:00:53]} Nxd5 {[%clk 01:33:28] [%emt 00:00:32]} 11.
Qxd5 {[%clk 01:36:51] [%emt 00:00:06]} Ra7 {[%clk 01:33:53] [%emt 00:00:05]} 12.
Be3 {[%clk 01:37:11] [%emt 00:00:09]} Rb7 {[%clk 01:34:17] [%emt 00:00:06]} 13.
Qd2 {[%clk 01:30:46] [%emt 00:06:56]} Be6 {[%clk 01:24:30] [%emt 00:10:17]} 14.
Nc3 {[%clk 01:28:26] [%emt 00:02:50]} Qc8 {[%clk 01:16:10] [%emt 00:08:49]} 15.
Nd5 {[%clk 01:24:11] [%emt 00:04:44]} Bd8 {[%clk 01:16:24] [%emt 00:00:16]} 16.
O-O-O {[%clk 01:21:30] [%emt 00:03:11]} Nc6 {[%clk 01:12:04] [%emt 00:04:50]}
17. Kb1 {[%clk 01:12:20] [%emt 00:09:41]} Na5 {[%clk 01:08:44] [%emt 00:03:51]}
18. b3 {[%clk 01:10:09] [%emt 00:02:40]} Nc6 {[%clk 01:08:31] [%emt 00:00:43]}
19. f4 {[%clk 01:09:53] [%emt 00:00:46]} Ba5 {[%clk 00:52:26] [%emt 00:16:36]}
20. Qf2 {[%clk 01:08:11] [%emt 00:02:11]} f6 {[%clk 00:49:27] [%emt 00:03:29]}
21. g4 {[%clk 01:06:04] [%emt 00:02:37]} Bxd5 {[%clk 00:41:20] [%emt 00:08:38]}
22. Rxd5 {[%clk 00:56:39] [%emt 00:09:55]} hxg4 {[%clk 00:35:52] [%emt
00:05:58]} 23. Rxd6 {[%clk 00:47:00] [%emt 00:10:09]} Rd7 {[%clk 00:30:10] [%emt
00:06:12]} 24. Rd5 {[%clk 00:46:12] [%emt 00:01:17]} Rc7 {[%clk 00:28:10] [%emt
00:02:31]} 25. Bc5 {[%clk 00:30:22] [%emt 00:16:20]} Ne7 {[%clk 00:21:36] [%emt
00:07:04]} 26. b4 {[%clk 00:27:22] [%emt 00:03:30]} Nxd5 {[%clk 00:14:45] [%emt
00:07:21]} 27. exd5 {[%clk 00:27:48] [%emt 00:00:04]} gxh3 {[%clk 00:10:49]
[%emt 00:04:26]} 28. Qg3 {[%clk 00:16:19] [%emt 00:11:59]} Rxc5 {[%clk 00:05:02]
[%emt 00:06:17]} 29. Qxg7 {[%clk 00:16:29] [%emt 00:00:19]} Rf8 {[%clk 00:03:48]
[%emt 00:01:45]} 30. Be4 {[%clk 00:14:10] [%emt 00:02:49]} Rc7 {[%clk 00:01:58]
[%emt 00:02:20]} 31. Bg6+ {[%clk 00:14:06] [%emt 00:00:34]} Rcf7 {[%clk
00:02:24] [%emt 00:00:04]} 32. fxe5 {[%clk 00:09:02] [%emt 00:05:34]} Qc4 {[%clk
00:00:56] [%emt 00:01:58]} 33. Bxf7+ {[%clk 00:05:52] [%emt 00:03:40]} Rxf7
{[%clk 00:01:21] [%emt 00:00:05]} 34. Qg8+ {[%clk 00:06:20] [%emt 00:00:02]} Ke7
{[%clk 00:01:32] [%emt 00:00:19]} 35. exf6+ {[%clk 00:03:57] [%emt 00:02:55]}
Kd6 {[%clk 00:00:41] [%emt 00:01:21]} 36. Qg3+ {[%clk 00:03:27] [%emt 00:00:59]}
Kxd5 {[%clk 00:01:09] [%emt 00:00:02]} 37. Rd1+ {[%clk 00:02:54] [%emt
00:01:02]} Kc6 {[%clk 00:01:37] [%emt 00:00:03]} 38. Rd6+ {[%clk 00:00:57] [%emt
00:02:27]} Kb7 {[%clk 00:02:01] [%emt 00:00:06]} 39. bxa5 {[%clk 00:01:25] [%emt
00:00:03]} Rc7 {[%clk 00:00:57] [%emt 00:01:34]} 40. Qf3+ {[%clk 00:01:28] [%emt
00:00:26]} Ka7 {[%clk 00:00:32] [%emt 00:00:55]} 41. Qe3+ {[%clk 00:29:15] [%emt
00:22:43]} Rc5 {[%clk 00:34:44] [%emt 00:16:18]} 42. Rd7+ {[%clk 00:24:05] [%emt
00:05:41]} Kb8 {[%clk 00:30:15] [%emt 00:04:58]} 43. Rd8+ {[%clk 00:23:53] [%emt
00:00:42]} Kb7 {[%clk 00:30:34] [%emt 00:00:10]} 44. f7 {[%clk 00:16:55] [%emt
00:07:28]} Qxc2+ {[%clk 00:05:45] [%emt 00:25:20]} 45. Ka1 {[%clk 00:17:21]
[%emt 00:00:05]} Qc1+ {[%clk 00:05:39] [%emt 00:00:36]} 46. Qxc1 {[%clk
00:17:47] [%emt 00:00:04]} Rxc1+ {[%clk 00:06:04] [%emt 00:00:05]} 47. Kb2
{[%clk 00:18:13] [%emt 00:00:03]} h2 {[%clk 00:06:28] [%emt 00:00:05]} 48. Rb8+
{[%clk 00:18:18] [%emt 00:00:21]} Ka7 {[%clk 00:02:28] [%emt 00:04:35]} 49. Ra8+
{[%clk 00:18:40] [%emt 00:00:08]} 1-0

[Site "Europe Echecs"]

[Event "Grand Swiss "]
[Date "2025.09.08"]
[White "Xiong, Jeffery"]
[Black "Yu, Yangyi"]
[WhiteElo "2640"]
[BlackElo "2714"]
[Round "5.5.23"]
[Result "1/2-1/2"]

1. d4 {[%clk 01:40:54] [%emt 00:00:04]} Nf6 {[%clk 01:40:44] [%emt 00:00:17]} 2.
c4 {[%clk 01:41:04] [%emt 00:00:20]} e6 {[%clk 01:41:01] [%emt 00:00:13]} 3. Nf3
{[%clk 01:41:08] [%emt 00:00:26]} d5 {[%clk 01:40:38] [%emt 00:00:53]} 4. Nc3
{[%clk 01:41:05] [%emt 00:00:33]} Bb4 {[%clk 01:38:39] [%emt 00:02:29]} 5. Bg5
{[%clk 01:40:47] [%emt 00:00:47]} h6 {[%clk 01:37:20] [%emt 00:01:51]} 6. Bxf6
{[%clk 01:40:57] [%emt 00:00:20]} Qxf6 {[%clk 01:37:41] [%emt 00:00:08]} 7. e3
{[%clk 01:40:34] [%emt 00:00:53]} O-O {[%clk 01:34:33] [%emt 00:03:38]} 8. Rc1
{[%clk 01:40:34] [%emt 00:00:29]} Nd7 {[%clk 01:30:22] [%emt 00:04:42]} 9. Qb3
{[%clk 01:40:19] [%emt 00:00:45]} Bxc3+ {[%clk 01:29:57] [%emt 00:00:56]} 10.
Qxc3 {[%clk 01:40:30] [%emt 00:00:18]} c6 {[%clk 01:30:06] [%emt 00:00:23]} 11.
Bd3 {[%clk 01:40:14] [%emt 00:00:45]} dxc4 {[%clk 01:24:14] [%emt 00:06:23]} 12.
Qxc4 {[%clk 01:37:10] [%emt 00:03:33]} Re8 {[%clk 01:17:18] [%emt 00:07:26]} 13.
O-O {[%clk 01:37:12] [%emt 00:00:28]} e5 {[%clk 01:17:42] [%emt 00:00:08]} 14.
Bb1 {[%clk 01:37:20] [%emt 00:00:21]} exd4 {[%clk 01:16:28] [%emt 00:01:44]} 15.
Nxd4 {[%clk 01:37:45] [%emt 00:00:05]} Nf8 {[%clk 01:15:56] [%emt 00:01:02]} 16.
Qb3 {[%clk 01:37:05] [%emt 00:01:10]} Rb8 {[%clk 01:12:42] [%emt 00:03:44]} 17.
h3 {[%clk 01:17:32] [%emt 00:20:02]} Bd7 {[%clk 01:02:15] [%emt 00:10:57]} 18.
Rfd1 {[%clk 01:16:58] [%emt 00:01:03]} Qg5 {[%clk 00:57:38] [%emt 00:05:08]} 19.
Nf3 {[%clk 01:15:00] [%emt 00:02:28]} Qf6 {[%clk 00:57:53] [%emt 00:00:15]} 20.
Nd4 {[%clk 01:12:19] [%emt 00:03:11]} Qg5 {[%clk 00:57:51] [%emt 00:00:33]} 21.
Nf3 {[%clk 01:11:23] [%emt 00:01:24]} Qf6 {[%clk 00:58:10] [%emt 00:00:12]} 22.
Nd4 {[%clk 01:09:16] [%emt 00:02:37]} Qg5 {[%clk 00:58:18] [%emt 00:00:23]} 23.
Nf3 {[%clk 01:09:09] [%emt 00:00:37]} Qf6 {[%clk 00:58:21] [%emt 00:00:28]}
1/2-1/2

[Site "Europe Echecs"]

[Event "Grand Swiss "]
[Date "2025.09.08"]
[White "Volokitin, Andrei"]
[Black "Harikrishna, Pentala"]
[WhiteElo "2628"]
[BlackElo "2704"]
[Round "5.5.24"]
[Result "1/2-1/2"]

1. e4 {[%clk 01:40:58] [%emt 00:00:01]} c5 {[%clk 01:40:42] [%emt 00:00:18]} 2.
Nf3 {[%clk 01:41:22] [%emt 00:00:07]} Nc6 {[%clk 01:40:51] [%emt 00:00:21]} 3.
d4 {[%clk 01:38:57] [%emt 00:02:54]} cxd4 {[%clk 01:41:13] [%emt 00:00:07]} 4.
Nxd4 {[%clk 01:39:24] [%emt 00:00:03]} Nf6 {[%clk 01:41:34] [%emt 00:00:09]} 5.
Nc3 {[%clk 01:39:50] [%emt 00:00:05]} e5 {[%clk 01:41:57] [%emt 00:00:07]} 6.
Ndb5 {[%clk 01:40:14] [%emt 00:00:06]} d6 {[%clk 01:42:18] [%emt 00:00:08]} 7.
Bg5 {[%clk 01:40:04] [%emt 00:00:40]} a6 {[%clk 01:42:36] [%emt 00:00:13]} 8.
Na3 {[%clk 01:40:29] [%emt 00:00:06]} b5 {[%clk 01:42:31] [%emt 00:00:35]} 9.
Nd5 {[%clk 01:39:17] [%emt 00:01:42]} Be7 {[%clk 01:42:49] [%emt 00:00:12]} 10.
Bxf6 {[%clk 01:39:29] [%emt 00:00:18]} Bxf6 {[%clk 01:43:13] [%emt 00:00:06]}
11. c3 {[%clk 01:39:49] [%emt 00:00:09]} Bg5 {[%clk 01:42:57] [%emt 00:00:45]}
12. Nc2 {[%clk 01:40:09] [%emt 00:00:11]} Rb8 {[%clk 01:38:08] [%emt 00:05:20]}
13. a3 {[%clk 01:37:37] [%emt 00:03:01]} O-O {[%clk 01:35:50] [%emt 00:02:48]}
14. h4 {[%clk 01:37:36] [%emt 00:00:31]} Bh6 {[%clk 01:36:01] [%emt 00:00:19]}
15. g4 {[%clk 01:37:20] [%emt 00:00:46]} Bf4 {[%clk 01:35:17] [%emt 00:01:13]}
16. Qf3 {[%clk 01:37:38] [%emt 00:00:12]} a5 {[%clk 01:28:31] [%emt 00:07:17]}
17. Be2 {[%clk 01:35:56] [%emt 00:02:11]} Be6 {[%clk 01:27:35] [%emt 00:01:27]}
18. Nxf4 {[%clk 01:32:10] [%emt 00:04:16]} exf4 {[%clk 01:27:13] [%emt
00:00:52]} 19. Qxf4 {[%clk 01:32:27] [%emt 00:00:13]} b4 {[%clk 01:27:12] [%emt
00:00:32]} 20. axb4 {[%clk 01:16:42] [%emt 00:16:15]} axb4 {[%clk 01:26:11]
[%emt 00:01:31]} 21. Nd4 {[%clk 01:12:30] [%emt 00:04:41]} Ne5 {[%clk 01:20:54]
[%emt 00:05:46]} 22. Qg3 {[%clk 01:11:39] [%emt 00:01:21]} bxc3 {[%clk 01:04:56]
[%emt 00:16:29]} 23. bxc3 {[%clk 01:12:03] [%emt 00:00:06]} Qc8 {[%clk 01:03:36]
[%emt 00:01:50]} 24. O-O {[%clk 00:41:18] [%emt 00:31:15]} Bxg4 {[%clk 00:59:36]
[%emt 00:04:30]} 25. Bxg4 {[%clk 00:39:16] [%emt 00:02:31]} Qxg4 {[%clk
00:59:55] [%emt 00:00:10]} 26. Qxg4 {[%clk 00:39:42] [%emt 00:00:05]} Nxg4
{[%clk 01:00:20] [%emt 00:00:05]} 27. Nf5 {[%clk 00:40:04] [%emt 00:00:07]} g6
{[%clk 00:56:49] [%emt 00:04:01]} 28. Nxd6 {[%clk 00:39:13] [%emt 00:01:22]} Rb6
{[%clk 00:54:33] [%emt 00:02:46]} 29. Rad1 {[%clk 00:35:19] [%emt 00:04:23]} Rc6
{[%clk 00:51:29] [%emt 00:03:35]} 30. c4 {[%clk 00:27:28] [%emt 00:08:20]} Ne5
{[%clk 00:45:15] [%emt 00:06:44]} 31. Rd5 {[%clk 00:25:56] [%emt 00:02:03]}
1/2-1/2

[Site "Europe Echecs"]

[Event "Grand Swiss "]
[Date "2025.09.08"]
[White "Shirov, Alexei"]
[Black "Eljanov, Pavel"]
[WhiteElo "2616"]
[BlackElo "2682"]
[Round "5.5.26"]
[Result "1-0"]

1. e4 {[%clk 01:40:58]} e5 {[%clk 01:40:45] [%emt 00:00:15]} 2. Nf3 {[%clk
01:41:02] [%emt 00:00:26]} Nc6 {[%clk 01:41:05] [%emt 00:00:10]} 3. Bb5 {[%clk
01:40:03] [%emt 00:01:29]} a6 {[%clk 01:41:29] [%emt 00:00:06]} 4. Ba4 {[%clk
01:40:30] [%emt 00:00:03]} Nf6 {[%clk 01:41:35] [%emt 00:00:24]} 5. O-O {[%clk
01:40:53] [%emt 00:00:07]} Nxe4 {[%clk 01:41:47] [%emt 00:00:19]} 6. d4 {[%clk
01:41:14] [%emt 00:00:09]} Be7 {[%clk 01:42:03] [%emt 00:00:13]} 7. Re1 {[%clk
01:41:19] [%emt 00:00:25]} b5 {[%clk 01:42:14] [%emt 00:00:19]} 8. Rxe4 {[%clk
01:41:38] [%emt 00:00:11]} d5 {[%clk 01:42:39] [%emt 00:00:05]} 9. Nxe5 {[%clk
01:42:00] [%emt 00:00:08]} Nxe5 {[%clk 01:43:03] [%emt 00:00:05]} 10. Rxe5
{[%clk 01:42:23] [%emt 00:00:06]} bxa4 {[%clk 01:43:29] [%emt 00:00:05]} 11. Qe2
{[%clk 01:42:43] [%emt 00:00:09]} Be6 {[%clk 01:42:17] [%emt 00:01:43]} 12. f4
{[%clk 01:40:56] [%emt 00:02:17]} Kf8 {[%clk 01:42:39] [%emt 00:00:09]} 13. Nc3
{[%clk 01:37:21] [%emt 00:04:05]} Bd6 {[%clk 01:41:53] [%emt 00:01:15]} 14. Nxa4
{[%clk 01:35:27] [%emt 00:02:23]} Bxe5 {[%clk 01:42:04] [%emt 00:00:20]} 15.
fxe5 {[%clk 01:32:58] [%emt 00:02:59]} Qh4 {[%clk 01:42:22] [%emt 00:00:12]} 16.
Be3 {[%clk 01:28:45] [%emt 00:04:43]} Qg4 {[%clk 01:42:14] [%emt 00:00:38]} 17.
Qd2 {[%clk 01:19:24] [%emt 00:09:51]} h5 {[%clk 01:39:17] [%emt 00:03:27]} 18.
Nc5 {[%clk 00:39:05] [%emt 00:40:50]} h4 {[%clk 01:34:44] [%emt 00:05:02]} 19.
h3 {[%clk 00:39:29] [%emt 00:00:05]} Qg6 {[%clk 01:35:11] [%emt 00:00:04]} 20.
Nd3 {[%clk 00:28:06] [%emt 00:11:52]} Bf5 {[%clk 01:34:18] [%emt 00:01:23]} 21.
Rf1 {[%clk 00:21:45] [%emt 00:06:51]} Bxd3 {[%clk 01:26:20] [%emt 00:08:28]} 22.
cxd3 {[%clk 00:22:11] [%emt 00:00:04]} Kg8 {[%clk 01:16:16] [%emt 00:10:33]} 23.
Rf4 {[%clk 00:22:24] [%emt 00:00:17]} Rb8 {[%clk 00:57:35] [%emt 00:19:11]} 24.
Rg4 {[%clk 00:21:19] [%emt 00:01:34]} Qf5 {[%clk 00:57:02] [%emt 00:01:03]} 25.
Bg5 {[%clk 00:08:39] [%emt 00:13:09]} Rb6 {[%clk 00:56:57] [%emt 00:00:36]} 26.
Bf6 {[%clk 00:03:01] [%emt 00:06:08]} Rxf6 {[%clk 00:55:47] [%emt 00:01:40]} 27.
exf6 {[%clk 00:03:26] [%emt 00:00:05]} Qxf6 {[%clk 00:56:14] [%emt 00:00:03]}
28. Qa5 {[%clk 00:01:17] [%emt 00:02:39]} Qd8 {[%clk 00:45:03] [%emt 00:11:41]}
29. Qxa6 {[%clk 00:00:55] [%emt 00:00:52]} g5 {[%clk 00:45:29] [%emt 00:00:03]}
30. g3 {[%clk 00:01:07] [%emt 00:00:18]} hxg3 {[%clk 00:45:11] [%emt 00:00:48]}
31. Rxg3 {[%clk 00:01:04] [%emt 00:00:33]} Rh4 {[%clk 00:37:31] [%emt 00:08:11]}
32. Qc6 {[%clk 00:00:46] [%emt 00:00:48]} Kg7 {[%clk 00:33:40] [%emt 00:04:22]}
33. Qc1 {[%clk 00:00:50] [%emt 00:00:25]} Kg6 {[%clk 00:32:03] [%emt 00:02:08]}
34. Qe3 {[%clk 00:00:53] [%emt 00:00:26]} f6 {[%clk 00:26:21] [%emt 00:06:13]}
35. Rf3 {[%clk 00:00:41] [%emt 00:00:42]} Qd7 {[%clk 00:24:39] [%emt 00:02:13]}
36. Kg2 {[%clk 00:00:35] [%emt 00:00:35]} f5 {[%clk 00:22:41] [%emt 00:02:29]}
37. Rf2 {[%clk 00:00:43] [%emt 00:00:22]} f4 {[%clk 00:22:45] [%emt 00:00:27]}
38. Qf3 {[%clk 00:01:10] [%emt 00:00:03]} Qf5 {[%clk 00:22:45] [%emt 00:00:30]}
39. Rc2 {[%clk 00:00:45] [%emt 00:00:54]} Qd7 {[%clk 00:13:28] [%emt 00:09:47]}
40. Re2 {[%clk 00:01:05] [%emt 00:00:10]} Rh8 {[%clk 00:05:00] [%emt 00:08:58]}
41. Re5 {[%clk 00:35:59] [%emt 00:15:35]} c6 {[%clk 00:53:28] [%emt 00:02:03]}
42. b4 {[%clk 00:32:42] [%emt 00:03:47]} Re8 {[%clk 00:28:59] [%emt 00:24:59]}
43. Qe2 {[%clk 00:16:43] [%emt 00:16:28]} Rf8 {[%clk 00:14:29] [%emt 00:15:01]}
44. Re6+ {[%clk 00:12:27] [%emt 00:04:45]} Rf6 {[%clk 00:13:33] [%emt 00:01:27]}
45. Rxf6+ {[%clk 00:12:29] [%emt 00:00:28]} Kxf6 {[%clk 00:14:01] [%emt
00:00:02]} 46. a4 {[%clk 00:09:15] [%emt 00:03:44]} Qb7 {[%clk 00:14:03] [%emt
00:00:28]} 47. Qe5+ {[%clk 00:09:24] [%emt 00:00:20]} Kg6 {[%clk 00:13:58] [%emt
00:00:35]} 48. Qe8+ {[%clk 00:05:44] [%emt 00:04:10]} Kf6 {[%clk 00:10:10] [%emt
00:04:19]} 49. Kf3 {[%clk 00:05:45] [%emt 00:00:28]} Qa6 {[%clk 00:08:18] [%emt
00:02:23]} 50. Qe5+ {[%clk 00:04:24] [%emt 00:01:51]} Kg6 {[%clk 00:08:23] [%emt
00:00:26]} 51. Qe6+ {[%clk 00:03:36] [%emt 00:01:17]} Kg7 {[%clk 00:08:37] [%emt
00:00:16]} 52. Kg4 {[%clk 00:01:41] [%emt 00:02:24]} Qxd3 {[%clk 00:07:56] [%emt
00:01:11]} 53. Qe7+ {[%clk 00:01:55] [%emt 00:00:17]} Kg6 {[%clk 00:05:17] [%emt
00:03:10]} 54. Qxg5+ {[%clk 00:02:13] [%emt 00:00:11]} Kh7 {[%clk 00:03:55]
[%emt 00:01:52]} 55. Qe7+ {[%clk 00:02:33] [%emt 00:00:10]} Kg8 {[%clk 00:02:24]
[%emt 00:02:01]} 56. Qd8+ {[%clk 00:02:53] [%emt 00:00:09]} Kf7 {[%clk 00:02:13]
[%emt 00:00:42]} 57. Qc7+ {[%clk 00:03:15] [%emt 00:00:08]} Kg8 {[%clk 00:01:54]
[%emt 00:00:49]} 58. Qxf4 {[%clk 00:03:33] [%emt 00:00:12]} Qe2+ {[%clk
00:01:01] [%emt 00:01:24]} 59. Kf5 {[%clk 00:03:21] [%emt 00:00:41]} Qd3+ {[%clk
00:00:33] [%emt 00:00:59]} 60. Kf6 {[%clk 00:03:33]} 1-0

[Site "Europe Echecs"]

[Event "Grand Swiss "]
[Date "2025.09.08"]
[White "Ponomariov, Ruslan"]
[Black "Deac, Bogdan-Daniel"]
[WhiteElo "2622"]
[BlackElo "2674"]
[Round "5.5.27"]
[Result "1/2-1/2"]

1. e4 {[%clk 01:40:57] [%emt 00:00:02]} e5 {[%clk 01:40:57] [%emt 00:00:03]} 2.
Nf3 {[%clk 01:41:17] [%emt 00:00:10]} Nc6 {[%clk 01:41:24] [%emt 00:00:03]} 3.
Bb5 {[%clk 01:41:24] [%emt 00:00:23]} a6 {[%clk 01:41:47] [%emt 00:00:07]} 4.
Ba4 {[%clk 01:41:46] [%emt 00:00:08]} Nge7 {[%clk 01:41:58] [%emt 00:00:19]} 5.
O-O {[%clk 01:34:55] [%emt 00:07:21]} Ng6 {[%clk 01:41:33] [%emt 00:00:55]} 6.
d4 {[%clk 01:32:34] [%emt 00:02:51]} exd4 {[%clk 01:41:31] [%emt 00:00:33]} 7.
Nxd4 {[%clk 01:32:59] [%emt 00:00:05]} Nxd4 {[%clk 01:39:11] [%emt 00:02:50]} 8.
Qxd4 {[%clk 01:33:07] [%emt 00:00:21]} b5 {[%clk 01:39:18] [%emt 00:00:22]} 9.
Bb3 {[%clk 01:33:31] [%emt 00:00:07]} Bb7 {[%clk 01:39:43] [%emt 00:00:05]} 10.
c4 {[%clk 01:23:54] [%emt 00:10:07]} c5 {[%clk 01:39:23] [%emt 00:00:49]} 11.
Qd3 {[%clk 01:20:44] [%emt 00:03:40]} b4 {[%clk 01:35:04] [%emt 00:04:49]} 12.
a3 {[%clk 01:11:47] [%emt 00:09:28]} a5 {[%clk 01:20:10] [%emt 00:15:24]} 13.
Be3 {[%clk 00:55:02] [%emt 00:17:14]} Be7 {[%clk 01:11:04] [%emt 00:09:36]} 14.
axb4 {[%clk 00:54:10] [%emt 00:01:23]} axb4 {[%clk 01:08:44] [%emt 00:02:50]}
15. Nd2 {[%clk 00:54:29] [%emt 00:00:11]} O-O {[%clk 01:08:46] [%emt 00:00:28]}
16. Rxa8 {[%clk 00:54:33] [%emt 00:00:26]} Qxa8 {[%clk 00:49:22] [%emt
00:19:53]} 17. Qxd7 {[%clk 00:53:26] [%emt 00:01:37]} Bxe4 {[%clk 00:48:27]
[%emt 00:01:25]} 18. Nxe4 {[%clk 00:52:13] [%emt 00:01:43]} Qxe4 {[%clk
00:48:25] [%emt 00:00:32]} 19. Qd5 {[%clk 00:41:29] [%emt 00:11:14]} Qxd5 {[%clk
00:40:52] [%emt 00:08:04]} 20. cxd5 {[%clk 00:41:11] [%emt 00:00:48]} Rc8 {[%clk
00:38:38] [%emt 00:02:43]} 21. Rc1 {[%clk 00:39:05] [%emt 00:02:36]} Ne5 {[%clk
00:34:04] [%emt 00:05:04]} 22. Kf1 {[%clk 00:38:53] [%emt 00:00:42]} Bd6 {[%clk
00:15:57] [%emt 00:18:36]} 23. h3 {[%clk 00:36:02] [%emt 00:03:21]} Nd3 {[%clk
00:14:47] [%emt 00:01:40]} 24. Rc2 {[%clk 00:35:27] [%emt 00:01:05]} c4 {[%clk
00:14:47] [%emt 00:00:31]} 25. Rxc4 {[%clk 00:28:09] [%emt 00:07:47]} Rxc4
{[%clk 00:15:12] [%emt 00:00:05]} 26. Bxc4 {[%clk 00:28:35] [%emt 00:00:04]}
Nxb2 {[%clk 00:15:35] [%emt 00:00:07]} 27. Bb3 {[%clk 00:28:45] [%emt 00:00:20]}
Nd3 {[%clk 00:16:01] [%emt 00:00:04]} 28. Ke2 {[%clk 00:28:21] [%emt 00:00:54]}
Nc5 {[%clk 00:15:33] [%emt 00:00:57]} 29. Bxc5 {[%clk 00:28:33] [%emt 00:00:19]}
Bxc5 {[%clk 00:16:00] [%emt 00:00:02]} 30. f4 {[%clk 00:28:54] [%emt 00:00:10]}
Kf8 {[%clk 00:16:25] [%emt 00:00:04]} 31. g4 {[%clk 00:29:07] [%emt 00:00:17]}
1/2-1/2

[Site "Europe Echecs"]

[Event "Grand Swiss "]
[Date "2025.09.08"]
[White "Lagarde, Maxime"]
[Black "Murzin, Volodar"]
[WhiteElo "2609"]
[BlackElo "2670"]
[Round "5.5.28"]
[Result "1/2-1/2"]

1. e4 {[%clk 01:40:58] [%emt 00:00:01]} c5 {[%clk 01:40:55] [%emt 00:00:06]} 2.
Nf3 {[%clk 01:41:25] [%emt 00:00:03]} d6 {[%clk 01:41:20] [%emt 00:00:05]} 3. d4
{[%clk 01:41:52] [%emt 00:00:03]} cxd4 {[%clk 01:41:45] [%emt 00:00:06]} 4. Nxd4
{[%clk 01:42:19] [%emt 00:00:03]} Nf6 {[%clk 01:42:08] [%emt 00:00:07]} 5. Nc3
{[%clk 01:42:46] [%emt 00:00:03]} a6 {[%clk 01:42:32] [%emt 00:00:06]} 6. Bg5
{[%clk 01:43:12] [%emt 00:00:03]} Nbd7 {[%clk 01:42:22] [%emt 00:00:40]} 7. Bc4
{[%clk 01:43:35] [%emt 00:00:07]} Qb6 {[%clk 01:41:15] [%emt 00:01:37]} 8. Bb3
{[%clk 01:43:26] [%emt 00:00:38]} e6 {[%clk 01:40:14] [%emt 00:01:32]} 9. a4
{[%clk 01:43:27] [%emt 00:00:29]} Qa5 {[%clk 01:32:35] [%emt 00:08:09]} 10. Qd2
{[%clk 01:43:26] [%emt 00:00:31]} Be7 {[%clk 01:26:09] [%emt 00:06:56]} 11. f3
{[%clk 01:42:12] [%emt 00:01:44]} Nc5 {[%clk 01:24:52] [%emt 00:01:47]} 12. Ba2
{[%clk 01:40:55] [%emt 00:01:46]} Bd7 {[%clk 01:04:04] [%emt 00:21:18]} 13. O-O
{[%clk 01:38:30] [%emt 00:02:55]} Rc8 {[%clk 01:03:45] [%emt 00:00:49]} 14. Be3
{[%clk 01:26:25] [%emt 00:12:36]} Qb4 {[%clk 00:55:00] [%emt 00:09:15]} 15. Rfb1
{[%clk 01:13:38] [%emt 00:13:16]} Nxa4 {[%clk 00:48:52] [%emt 00:06:39]} 16.
Nxa4 {[%clk 01:12:55] [%emt 00:01:13]} Qxd2 {[%clk 00:49:17] [%emt 00:00:06]}
17. Bxd2 {[%clk 01:13:20] [%emt 00:00:05]} Bxa4 {[%clk 00:49:32] [%emt
00:00:16]} 18. Bxe6 {[%clk 01:13:35] [%emt 00:00:14]} fxe6 {[%clk 00:49:57]
[%emt 00:00:05]} 19. Rxa4 {[%clk 01:13:57] [%emt 00:00:08]} Kf7 {[%clk 00:40:17]
[%emt 00:10:10]} 20. c4 {[%clk 00:51:14] [%emt 00:23:14]} Nd7 {[%clk 00:39:16]
[%emt 00:01:31]} 21. b3 {[%clk 00:50:41] [%emt 00:01:03]} d5 {[%clk 00:29:52]
[%emt 00:09:54]} 22. cxd5 {[%clk 00:49:20] [%emt 00:01:51]} exd5 {[%clk
00:30:14] [%emt 00:00:08]} 23. Nf5 {[%clk 00:49:32] [%emt 00:00:18]} Bc5+ {[%clk
00:29:55] [%emt 00:00:48]} 24. Be3 {[%clk 00:48:38] [%emt 00:01:24]} Rhd8 {[%clk
00:18:26] [%emt 00:11:59]} 25. exd5 {[%clk 00:38:48] [%emt 00:10:21]} Kf6 {[%clk
00:12:51] [%emt 00:06:05]} 26. g4 {[%clk 00:12:34] [%emt 00:26:44]} g6 {[%clk
00:13:03] [%emt 00:00:18]} 27. Bd4+ {[%clk 00:11:53] [%emt 00:01:11]} Ne5 {[%clk
00:12:17] [%emt 00:01:15]} 28. Bxc5 {[%clk 00:10:19] [%emt 00:02:04]} Nxf3+
{[%clk 00:06:16] [%emt 00:06:30]} 29. Kg2 {[%clk 00:09:40] [%emt 00:01:09]} Rxc5
{[%clk 00:05:35] [%emt 00:01:12]} 30. Rf4 {[%clk 00:07:10] [%emt 00:03:00]} gxf5
{[%clk 00:01:30] [%emt 00:04:35]} 31. Rxf5+ {[%clk 00:07:36] [%emt 00:00:03]}
Kg6 {[%clk 00:01:54] [%emt 00:00:06]} 32. Rxf3 {[%clk 00:06:46] [%emt 00:01:21]}
Rcxd5 {[%clk 00:02:19] [%emt 00:00:05]} 33. Re1 {[%clk 00:06:35] [%emt
00:00:40]} 1/2-1/2

[Site "Europe Echecs"]